书目信息 |
| 题名: |
中外法律文献研究
|
|
| 作者: | 渠涛 主编 ;赵九燕 本卷主编 ;中国社会科学院 主办 | |
| 分册: | 第二卷 | |
| 出版信息: | 北京 北京大学出版社 2008.01 |
|
| 页数: | 556页 | |
| 开本: | 23cm | |
| 丛书名: | ||
| 单 册: | ||
| 中图分类: | D909-53 | |
| 科图分类: | ||
| 主题词: | 法律--fa lu--文献--研究--世界--文集 | |
| 电子资源: | ||
| ISBN: | 978-7-301-13211-1 | |
| 000 | 01120nam0 2200253 450 | |
| 001 | 012008607760 | |
| 005 | 20080901180930.06 | |
| 010 | @a978-7-301-13211-1@dCNY45.00 | |
| 100 | @a20080901d2008 em y0chiy0120 ea | |
| 101 | 0 | @achi |
| 102 | @aCN@b110000 | |
| 105 | @ay z 000yy | |
| 106 | @ar | |
| 200 | 1 | @a中外法律文献研究@Azhong wai fa lu wen xian yan jiu@h第二卷@f主办中国社会科学院法学研究所图书馆@Fzhu ban zhong guo she hui ke xue yuan fa xue yan jiu suo tu shu guan@g渠涛主编@Gqu tao zhu bian@g赵九燕本卷主编@Gzhao jiu yan ben juan zhu bian |
| 210 | @a北京@c北京大学出版社@d2008.01 | |
| 215 | @a556页@d23cm | |
| 330 | @a本书包括特稿、法学研究综述、学术资料、中外法学图书馆等5个栏目,收录《行政强制法研究综述》、《法律方法研究综述》、《公益诉讼》等文章。 | |
| 606 | 0 | @a法律@Afa lu@x文献@x研究@y世界@j文集 |
| 690 | @aD909-53@v4 | |
| 701 | 0 | @a渠涛@Aqu tao@4主编 |
| 702 | 0 | @a赵九燕@Azhao jiu yan@4本卷主编 |
| 712 | 02 | @a中国社会科学院@Azhu ban zhong guo she hui ke xue yuan fa xue yan jiu suo tu shu guan@b法学研究所图书馆@4主办 |
| 801 | 0 | @aCN@bQSSK@c20080901 |
| 905 | @b733379-81@dD909-53@eQ818:2@f3 | |
| 中外法律文献研究.第二卷/主办中国社会科学院法学研究所图书馆/渠涛主编/赵九燕本卷主编.-北京:北京大学出版社,2008.01 |
| 556页;23cm |
| ISBN 978-7-301-13211-1:CNY45.00 |
| 本书包括特稿、法学研究综述、学术资料、中外法学图书馆等5个栏目,收录《行政强制法研究综述》、《法律方法研究综述》、《公益诉讼》等文章。 |
| ● |
| 相关链接 |
|
|
|
正题名:中外法律文献研究
索取号:D909-53/Q818:2
 
预约/预借
| 序号 | 登录号 | 条形码 | 馆藏地/架位号 | 状态 | 备注 |
| 1 | 733379 | 207333795 | 社科库509/509社科库 80排6列3层/ [索取号:D909-53/Q818:2] | 在馆 | |
| 2 | 733380 | 207333802 | 社科库509/509社科库 80排6列3层/ [索取号:D909-53/Q818:2] | 在馆 | |
| 3 | 733381 | 207333811 | 社科库509/509社科库 80排6列3层/ [索取号:D909-53/Q818:2] | 在馆 |